Central Library OPAC University of Rajshahi

The letters of Beethoven / (Record no. 16383)

MARC details
000 -LEADER
fixed length control field 00883nam a2200253 a 4500
001 - CONTROL NUMBER
control field 16383
003 - CONTROL NUMBER IDENTIFIER
rucl marc code BD-RjUL
005 - DATE AND TIME OF LATEST TRANSACTION
control field 20211209000013.0
008 - FIXED-LENGTH DATA ELEMENTS--GENERAL INFORMATION
fixed length control field 140213s1961 enkabgh 001 0 eng d
035 ## - SYSTEM CONTROL NUMBER
System control number (BD-RjUL)16438
040 ## - CATALOGING SOURCE
Original cataloging agency EDJ
Transcribing agency EDJ
Modifying agency EQO
-- BD-RjUL
Language of cataloging eng
041 1# - LANGUAGE CODE
Language code of text/sound track or separate title eng
Language code of original ger
082 ## - DEWEY DECIMAL CLASSIFICATION NUMBER
Classification number 780.92
Author mark and year ANL
Edition number 23
100 1# - MAIN ENTRY--PERSONAL NAME
Personal name Beethoven, Ludwig van,
Dates associated with a name 1770-1827.
9 (RLIN) 50646
245 14 - TITLE STATEMENT
Title The letters of Beethoven /
Statement of responsibility, etc. collected, translated and edited with an introduction, appendixes, notes and indexes by Emily Anderson.
Number of part/section of a work Volume II
260 ## - PUBLICATION, DISTRIBUTION, ETC. (IMPRINT)
Place of publication, distribution, etc. London :
Name of publisher, distributor, etc. Macmillan,
Date of publication, distribution, etc. 1961.
300 ## - PHYSICAL DESCRIPTION
Pagination V. :
Illustrations ill, facsims, music, ports ;
Size 23 cm.
504 ## - BIBLIOGRAPHY, ETC. NOTE
Bibliography, etc Includes Index.
505 ## - FORMATTED CONTENTS NOTE
Formatted contents note Vol.1 -- V. 2.-- V.3.--
600 10 - SUBJECT ADDED ENTRY--PERSONAL NAME
Personal name Beethoven, Ludwig van,
Dates associated with a name 1770-1827
General subdivision Correspondence.
700 1# - ADDED ENTRY--PERSONAL NAME
Personal name Anderson, Emily,
Dates associated with a name 1891-1962.
942 ## - ADDED ENTRY ELEMENTS (KOHA)
Source of classification or shelving scheme Dewey Decimal Classification
Koha item type Books
Holdings
Lost status Source of classification or shelving scheme Damaged status Not for loan Collection code Permanent Location Current Location Shelving location Date acquired Source of acquisition Cost, normal purchase price Total Checkouts Full call number Date last seen Copy number Koha item type
  Dewey Decimal Classification   Not For Loan Non-fiction Central Library, University of Rajshahi Central Library, University of Rajshahi Reading Room 10/04/1964 Zeitlinger 210.00   780.92 ANL V-2 1961 13/02/2014 C-1 Books
  Dewey Decimal Classification   Not For Loan Non-fiction Central Library, University of Rajshahi Central Library, University of Rajshahi Reading Room 10/04/1964 Zeitlinger 210.00   780.92 ANL 1961 V-3 27/11/2019 C-1 Books
  Dewey Decimal Classification   Not For Loan Non-fiction Central Library, University of Rajshahi Central Library, University of Rajshahi Reading Room 10/04/1964 Zeitlinger 210.00   780.92 ANL V-1 1961 05/12/2019 C-1 Books